000 01289cam a22003617a 4500
003 CHAP
005 20220329142150.0
008 000125d1999 mx a r 00110 spa d
010 _a79465
011 _a80437
035 _a90888
040 _cCHAP
090 _aTesis
100 0 0 _aEscalante López, Lázaro.
_937396
245 1 0 _aControl químico del mildiu velloso (Bremia lactucae Regel), en cuatro cultivares de lechuga (Latuca sativa L.)
_c/por Lázaro Escalante López
260 _aChapingo, Méx. :
_bEl autor,
_c1999.
300 _a80 h. :
_bilus.
502 _aTesis (Ing. Agr. Esp. en Fitotecnia) -- UACH. Departamento de Fitotecnia
590 _aALEPH
_b10
_c20130110
_lUCH01
_h1431
590 _aBATCH-UPD
_b10
_c20130110
_lUCH01
_h0431
590 _aBATCH-UPD
_b10
_c20130410
_lUCH01
_h0107
590 _aBATCH-UPD
_b10
_c20130914
_lUCH01
_h0748
590 _aCONVERSION
_b10
_c20130109
_lUCH01
_h1344
650 1 4 _aBremia lactucae.
_915216
650 1 4 _aFungicidas.
_944044
650 1 4 _aLechuga
_xEnfermedades.
_965458
901 _aBK
905 _aLilia Sánchez G.
942 _cFOLL
949 _bBC
_cTES
_d33724000727855
_eTS2
_fc.2
_h34371
_i90888
_si
949 _bBC
_cTES
_d33724000760096
_eTS2
_fc.3
_h35693
_i90888
_si
949 _bBC
_cTES
_d908881
_eTS1
_h34370
_i90888
_sb
999 _c79465
_d79465